000
00294nam a22001337a 4500
008
171215b xxu||||| |||| 00| 0 eng d
020
_a
078073315109
041
_a
eng
080
_a
37
100
_a
46
101
_a
EDU
245
_a
PHONICS FROM A TO Z
_c
BLEVINS,W
942
_2
udc
_c
BK
999
_c
39014
_d
39014